Chimija-medicine Rekomend. obzor lit.

Bibliographic Details
Main Author: Belavenceva, Galina Nikolajevna (Compiler)
Format: Book
Language:Russian
PhysicalDescription:23, [3] s. 8°
Published: Moskva Kniga 1965
Series:Novoe v nauke i technike vyp. 10

MARC

LEADER 00000nam a2200000 a 4500
001 vtls001261092
003 SK-MaSNL
005 20260331203832.0
008 210928s1965 RU 0 rus
035 |a SNK000211950 
040 |a SNK  |b slo  |c SNK  |e AACR2 
041 0 |a rus 
044 |a RU 
100 1 |a Belavenceva, Galina Nikolajevna  |4 zos  |9 285522 
245 0 |a Chimija-medicine  |b Rekomend. obzor lit.  |c sost. Galina Nikolajevna Belavenceva 
260 |a Moskva  |b Kniga  |c 1965 
300 |a 23, [3] s.  |c 8° 
490 0 |a Novoe v nauke i technike  |v vyp. 10 
958 |a RK 
958 |a OND 
999 |c 970265  |d 972195 
952 |t P60, <04>, [BOOK], {604}  |a SNK  |b SNK  |y VYP  |7 0  |o snkID 39681  |i snkV 1462/65  |0 0  |1 0  |4 0  |d 1996-07-22  |l 0  |r 2005-01-01 00:00:00  |w 2026-02-24